| 000 | 00554cam a2200181 4500 | ||
|---|---|---|---|
| 001 | ABS61003 | ||
| 008 | 000000n1999 000 0 eng u | ||
| 035 | _a(Sirsi) u101557 | ||
| 100 | _aSeidl, A. | ||
| 245 | _aCaught red-handed. | ||
| 260 | _c1999 | ||
| 490 |
_aEstates Gazette _v(9930) 31 July 1999, 43(1) |
||
| 520 | _aHighlights the government's recent flouting of the planning rules to attract British retailers to Northern Ireland. | ||
| 650 | _aNORTHERN IRELAND | ||
| 650 | _aRETAILING | ||
| 690 | _aPLANNING LAW AND PRACTICE | ||
| 942 | _n0 | ||
| 999 |
_c60689 _d60689 |
||